000 00420nam a2200181Ia 4500
008 090630s9999 xx 000 0 und d
082 _b1818
100 _a---
245 _aभातशेती.
_c---
260 _bउद्यम.
_c1970
300 _a195
600 _a---
630 _aभातशेती.
655 _aइतर.
700 _a---
730 _aभातशेती.
942 _cBOOK
999 _c253674
_d253674